Loading...
| Literature - British | 0 | 5 | 0 | 0 | 50 | 13 | 65.20 | 0 | 3 | 0.00 | 0.00 |
| Literature - American | 0 | 4 | 0 | 1 | 40 | 27 | 93.75 | 1 | 1 | 0.00 | 0.00 |
| Mythology | 0 | 4 | 0 | 0 | 40 | 32 | 51.75 | 0 | 4 | 0.00 | 0.00 |
| History - Other | 0 | 4 | 0 | 0 | 40 | 46 | 67.50 | 1 | 2 | 0.00 | 0.00 |
| History - American | 0 | 3 | 0 | 1 | 30 | 65 | 98.67 | 0 | 1 | 0.00 | 0.00 |
| Literature - European | 0 | 2 | 0 | 1 | 20 | 98 | 115.50 | 1 | 1 | 0.00 | 0.00 |
| History - World | 0 | 2 | 0 | 0 | 20 | 42 | 74.50 | 0 | 1 | 0.00 | 0.00 |
| Religion | 0 | 2 | 1 | 1 | 15 | 80 | 106.00 | 0 | 1 | 0.00 | 0.00 |
| Social Science | 0 | 1 | 0 | 0 | 10 | 31 | 31.00 | 0 | 1 | 0.00 | 0.00 |
| Fine Arts - Other | 0 | 1 | 0 | 0 | 10 | 28 | 28.00 | 1 | 1 | 0.00 | 0.00 |
| History - European | 0 | 1 | 0 | 0 | 10 | 101 | 101.00 | 0 | 0 | 0.00 | 0.00 |
| Literature - World/Other | 0 | 1 | 0 | 0 | 10 | 69 | 69.00 | 1 | 1 | 0.00 | 0.00 |
| Other Academic | 0 | 1 | 0 | 1 | 10 | 92 | 92.00 | 0 | 0 | 0.00 | 0.00 |
| Philosophy | 0 | 1 | 0 | 0 | 10 | 95 | 95.00 | 0 | 0 | 0.00 | 0.00 |
| Science - Chemistry | 0 | 1 | 0 | 1 | 10 | 128 | 128.00 | 0 | 0 | 0.00 | 0.00 |
| Fine Arts - Classical Music | 0 | 1 | 1 | 0 | 5 | 12 | 12.00 | 1 | 1 | 0.00 | 0.00 |
| Geography/Current Events | 0 | 1 | 2 | 1 | 0 | 126 | 126.00 | 0 | 0 | 0.00 | 0.00 |